[Event "Schleswig Holstein-ch Meisterklasse"]
[Site "Schoenberg"]
[Date "2005.??.??"]
[Round "5"]
[White "Schwarz, Oliver"]
[Black "Roggon, Jacob"]
[Result "1-0"]
[WhiteElo "2146"]
[BlackElo "2029"]
[PlyCount "37"]
[EventDate "2005.10.??"]
[EventType "swiss"]
[EventRounds "9"]
[EventCountry "GER"]
[SourceTitle "EXT 2022"]
[Source "ChessBase"]
[SourceDate "2021.10.06"]
[SourceVersion "1"]
[SourceVersionDate "2021.10.06"]
[SourceQuality "1"]

1. d4 d5 2. c4 c6 3. cxd5 cxd5 4. Nf3 Nf6 5. Nc3 Nc6 6. Bf4 Qb6 7. Na4 Qa5+ 8. Bd2 Qd8 9. Rc1 Ne4 10. e3 Bg4 11. Bb5 Rc8 12. h3 Bd7 13. 0-0 e6 14. Nc5 Rc7 15. Nxd7 Qxd7 16. Ne5 Qd6 17. Ba5 Rc8 18. Qa4 Ke7 19. Bb4 1-0

[Event "GER-chT Lands U20"]
[Site "Bad Sulza"]
[Date "2004.11.19"]
[Round "7.3"]
[White "Kubens, Viktor"]
[Black "Roggon, Jacob"]
[Result "1/2-1/2"]
[WhiteElo "1995"]
[BlackElo "2029"]
[PlyCount "80"]
[EventDate "2004.11.15"]
[EventType "team-swiss"]
[EventRounds "7"]
[EventCountry "GER"]
[SourceTitle "EXT 2006"]
[Source "ChessBase"]
[SourceDate "2005.11.24"]
[SourceVersion "1"]
[SourceVersionDate "2005.11.24"]
[SourceQuality "1"]

1. d4 d5 2. c4 c6 3. Nc3 Nf6 4. Bg5 Ne4 5. Nf3 Qa5 6. Bd2 Nxd2 7. Nxd2 e6 8. e3 Nd7 9. Bd3 Bb4 10. Qc2 Nf6 11. 0-0 0-0 12. a3 Bd6 13. c5 Bb8 14. Nf3 Re8 15. b4 Qd8 16. Ne2 e5 17. dxe5 Ng4 18. Bxh7+ Kh8 19. Bf5 Nxe5 20. Ned4 Qf6 21. Bxc8 Rxc8 22. Qf5 Qxf5 23. Nxf5 Nxf3+ 24. gxf3 g6 25. Nd4 Be5 26. Rfd1 a6 27. Ra2 Kg7 28. Rad2 Rh8 29. f4 Bc7 30. Nf3 Rae8 31. Kg2 Bd8 32. Rh1 Bf6 33. Nd4 Re4 34. Rhd1 Rh4 35. Nb3 Re7 36. Kg3 Rh5 37. Nd4 Re4 38. Re1 Rh8 39. Kg2 Rhe8 40. Red1 Rh8 1/2-1/2

[Event "Bargteheide op"]
[Site "Bargteheide"]
[Date "2004.05.20"]
[Round "1"]
[White "Roggon, Jacob"]
[Black "Lindinger, Markus"]
[Result "0-1"]
[WhiteElo "2041"]
[BlackElo "2339"]
[PlyCount "88"]
[EventDate "2004.05.??"]
[EventType "swiss"]
[EventRounds "7"]
[EventCountry "GER"]
[SourceTitle "CBM 100 Extra"]
[Source "ChessBase"]
[SourceDate "2004.07.06"]
[SourceVersion "2"]
[SourceVersionDate "2004.07.06"]
[SourceQuality "1"]

1. d4 d5 2. Nf3 Nf6 3. Bf4 g6 4. e3 Bg7 5. c4 0-0 6. Bd3 c5 7. Nc3 cxd4 8. Nxd4 dxc4 9. Bxc4 Nbd7 10. Nf3 Qa5 11. 0-0 Nb6 12. Bb3 Bg4 13. h3 Bf5 14. Nd4 Bd7 15. Bh2 Rac8 16. Rc1 Nc4 17. Qe2 e5 18. Ndb5 Nd2 19. Qxd2 Bxb5 20. Rfd1 Rfd8 21. Qc2 e4 22. Bxf7+ Kxf7 23. Qb3+ Bc4 24. Qxb7+ Kg8 25. Rd6 Bd3 26. Qb3+ Kh8 27. Qe6 Re8 28. Qf7 Rf8 29. Qe6 Qb4 30. Rc6 Rxc6 31. Qxc6 Qxb2 32. Nd1 Qe2 33. Bd6 Rg8 34. Qc5 Nd7 35. Qc7 Qe1+ 36. Kh2 Qd2 37. Bg3 Nf6 38. Be5 Nh5 39. Bxg7+ Nxg7 40. Qc5 Be2 41. Qc3 Qd6+ 42. g3 Bxd1 43. Rb1 Bf3 44. Rb7 h5 0-1

[Event "Dresden ZMD op"]
[Site "Dresden"]
[Date "2003.08.02"]
[Round "9"]
[White "Roggon, Jacob"]
[Black "Van den Bersselaar, Jeroen"]
[Result "0-1"]
[WhiteElo "2079"]
[BlackElo "2175"]
[PlyCount "70"]
[EventDate "2003.07.25"]
[EventType "swiss"]
[EventRounds "9"]
[EventCountry "GER"]
[SourceTitle "EXT 2004"]
[Source "ChessBase"]
[SourceDate "2003.11.25"]
[SourceVersion "1"]
[SourceVersionDate "2003.11.25"]
[SourceQuality "1"]

1. d4 d5 2. Nf3 Nf6 3. Bf4 c5 4. c3 Qb6 5. Qc1 Bf5 6. e3 e6 7. Be2 h6 8. 0-0 Nbd7 9. Nbd2 Bd6 10. Bxd6 Qxd6 11. dxc5 Nxc5 12. Nd4 Bg6 13. N2f3 0-0 14. c4 Rac8 15. Nb5 Qb8 16. Qd2 dxc4 17. Bxc4 Rfd8 18. Qb4 a6 19. Nbd4 b5 20. Be2 e5 21. Nb3 Nd3 22. Bxd3 Bxd3 23. Rfc1 e4 24. Nfd4 Ng4 25. g3 Ne5 26. Nf5 Rxc1+ 27. Rxc1 Bc4 28. Nc5 Nf3+ 29. Kg2 Qe5 30. b3 Qxf5 31. bxc4 Ng5 32. Kf1 Nh3 33. Kg2 Nxf2 34. Nxe4 Nxe4 35. Rf1 Rd2+ 0-1

[Event "Bargteheide op 6th"]
[Site "Bargteheide"]
[Date "2003.06.01"]
[Round "7"]
[White "Noack, Reiner"]
[Black "Roggon, Jacob"]
[Result "1/2-1/2"]
[WhiteElo "2153"]
[BlackElo "2079"]
[PlyCount "25"]
[EventDate "2003.05.29"]
[EventType "swiss"]
[EventRounds "7"]
[EventCountry "GER"]
[SourceTitle "CBM 094 Extra"]
[Source "ChessBase"]
[SourceDate "2003.07.09"]
[SourceVersion "2"]
[SourceVersionDate "2003.07.09"]
[SourceQuality "1"]

1. d4 d5 2. c4 c6 3. Nc3 Nf6 4. Nf3 dxc4 5. a4 Bf5 6. e3 e6 7. Bxc4 Be7 8. 0-0 h6 9. Qb3 Qc7 10. Bd2 0-0 11. Rac1 Nbd7 12. Rfd1 Qb6 13. Qxb6 1/2-1/2

[Event "Bargteheide op 6th"]
[Site "Bargteheide"]
[Date "2003.05.31"]
[Round "5"]
[White "Michailow, Sergej"]
[Black "Roggon, Jacob"]
[Result "1-0"]
[WhiteElo "2204"]
[BlackElo "2079"]
[PlyCount "23"]
[EventDate "2003.05.29"]
[EventType "swiss"]
[EventRounds "7"]
[EventCountry "GER"]
[SourceTitle "CBM 094 Extra"]
[Source "ChessBase"]
[SourceDate "2003.07.09"]
[SourceVersion "2"]
[SourceVersionDate "2003.07.09"]
[SourceQuality "1"]

1. a3 d5 2. b4 Nf6 3. Bb2 Bf5 4. f4 e6 5. e3 Be7 6. Nf3 Nbd7 7. Be2 c6 8. 0-0 Qc7 9. c4 0-0 10. Nc3 Rfd8 11. cxd5 exd5 12. Nd4 1-0

[Event "Bargteheide op 6th"]
[Site "Bargteheide"]
[Date "2003.05.30"]
[Round "3"]
[White "Salov, Sergej"]
[Black "Roggon, Jacob"]
[Result "1-0"]
[WhiteElo "2364"]
[BlackElo "2079"]
[PlyCount "33"]
[EventDate "2003.05.29"]
[EventType "swiss"]
[EventRounds "7"]
[EventCountry "GER"]
[SourceTitle "CBM 094 Extra"]
[Source "ChessBase"]
[SourceDate "2003.07.09"]
[SourceVersion "2"]
[SourceVersionDate "2003.07.09"]
[SourceQuality "1"]

1. e4 c6 2. d4 d5 3. Nd2 dxe4 4. Nxe4 Nf6 5. Nxf6+ gxf6 6. Be2 Bf5 7. Nf3 e6 8. 0-0 Qc7 9. Be3 Bd6 10. c4 Nd7 11. d5 c5 12. b4 0-0-0 13. bxc5 Nxc5 14. Kh1 Rhg8 15. Nd4 Be5 16. Nxf5 Bxa1 17. d6 1-0

[Event "Bargteheide op 6th"]
[Site "Bargteheide"]
[Date "2003.05.29"]
[Round "2"]
[White "Roggon, Jacob"]
[Black "Wronn, Bernd"]
[Result "1-0"]
[WhiteElo "2079"]
[BlackElo "2266"]
[PlyCount "113"]
[EventDate "2003.05.29"]
[EventType "swiss"]
[EventRounds "7"]
[EventCountry "GER"]
[SourceTitle "CBM 094 Extra"]
[Source "ChessBase"]
[SourceDate "2003.07.09"]
[SourceVersion "2"]
[SourceVersionDate "2003.07.09"]
[SourceQuality "1"]

1. d4 Nf6 2. Nf3 d5 3. Bf4 Bf5 4. e3 e6 5. Bd3 Ne4 6. 0-0 Be7 7. h3 0-0 8. c4 c5 9. Nc3 Nc6 10. cxd5 exd5 11. dxc5 Nb4 12. Bxe4 dxe4 13. Nd4 Bg6 14. a3 Nd3 15. b4 a5 16. Rb1 axb4 17. axb4 Nxf4 18. exf4 Bf6 19. Nce2 Qd7 20. Nc2 Bf5 21. Ne3 Rfd8 22. Ng3 Qe6 23. Qc1 g6 24. Ngxf5 gxf5 25. Qc4 Rd2 26. Rfd1 Raa2 27. Rxd2 Rxd2 28. Qxe6 fxe6 29. b5 Bd4 30. Rc1 Bxe3 31. fxe3 Rd7 32. c6 bxc6 33. Rxc6 Kf7 34. b6 Rd1+ 35. Kh2 Kf6 36. Rc8 Rd7 37. Rc2 Rb7 38. Rb2 e5 39. fxe5+ Kxe5 40. Rb5+ Ke6 41. Kg3 Kd7 42. Kf4 Kc6 43. Rb2 Kd5 44. Kxf5 Rf7+ 45. Kg4 Rb7 46. Kf4 Rf7+ 47. Kg3 Rb7 48. Kf2 Kc4 49. Ke2 h5 50. g4 hxg4 51. hxg4 Rh7 52. Kd2 Rb7 53. g5 Rd7+ 54. Kc2 Rb7 55. g6 Kd5 56. g7 Rb8 57. b7 1-0

[Event "Schleswig Holstein-ch U18 MT"]
[Site "Neumuenster"]
[Date "2003.03.11"]
[Round "3"]
[White "Schaedlich, Dennis"]
[Black "Roggon, Jacob"]
[Result "1-0"]
[WhiteElo "1541"]
[BlackElo "1856"]
[PlyCount "47"]
[EventDate "2003.03.??"]
[EventType "tourn"]
[EventRounds "9"]
[EventCountry "GER"]
[SourceTitle "EXT 2005"]
[Source "ChessBase"]
[SourceDate "2004.11.15"]
[SourceVersion "1"]
[SourceVersionDate "2004.11.15"]
[SourceQuality "1"]

1. e4 c6 2. d4 d5 3. Nc3 dxe4 4. Nxe4 Bf5 5. Ng3 Bg6 6. Nf3 Nd7 7. h4 h6 8. h5 Bh7 9. Bd3 Bxd3 10. Qxd3 Ngf6 11. Bd2 e6 12. 0-0-0 Be7 13. Ne4 0-0 14. Nxf6+ Bxf6 15. g4 c5 16. Rdg1 cxd4 17. g5 hxg5 18. Nxg5 Bxg5 19. Bxg5 f6 20. h6 fxg5 21. hxg7 Kxg7 22. Qh7+ Kf6 23. Re1 Rf7 24. Rh6+ 1-0

[Event "Schleswig Holstein-ch U16"]
[Site "Neumuenster"]
[Date "2001.04.13"]
[Round "9"]
[White "Roggon, Jacob"]
[Black "Terwitte, Christoph Benedict"]
[Result "0-1"]
[WhiteElo "1110"]
[BlackElo "1303"]
[PlyCount "90"]
[EventDate "2001.04.??"]
[EventType "tourn"]
[EventRounds "9"]
[EventCountry "GER"]
[SourceTitle "EXT 2003"]
[Source "ChessBase"]
[SourceDate "2002.11.25"]
[SourceVersion "1"]
[SourceVersionDate "2002.11.25"]
[SourceQuality "1"]

1. d4 d5 2. Nf3 c6 3. Bf4 Nf6 4. e3 Bf5 5. c4 e6 6. Nc3 Nbd7 7. Be2 Be7 8. 0-0 Nf8 9. Rc1 Ng6 10. Bg5 0-0 11. c5 Qd7 12. Bd3 Bg4 13. h3 Bxf3 14. Qxf3 h6 15. Bxf6 Bxf6 16. Qg4 Qe8 17. Ne2 e5 18. Rfe1 e4 19. Bc2 Bd8 20. Ng3 Qe6 21. Qxe6 fxe6 22. Bd1 e5 23. Bb3 Kh8 24. Bd1 exd4 25. exd4 Nf4 26. Bc2 g6 27. Rcd1 Kg7 28. Re3 Bg5 29. Rb3 Rf7 30. Re1 Raf8 31. Ne2 Ne6 32. Rf1 Bf6 33. Rd1 Nd8 34. Rf1 Ne6 35. Rd1 Bd8 36. Rf1 Bc7 37. g3 Nd8 38. Bb1 h5 39. h4 Kh6 40. Kg2 Bb8 41. Bc2 Ne6 42. Kg1 g5 43. hxg5+ Nxg5 44. Kg2 Nf3 45. Rd1 Nh4+ 0-1

[Event "Schleswig Holstein-ch U16"]
[Site "Neumuenster"]
[Date "2001.04.11"]
[Round "6"]
[White "Roggon, Jacob"]
[Black "Kopietz, Simone"]
[Result "1/2-1/2"]
[WhiteElo "1110"]
[BlackElo "1287"]
[PlyCount "96"]
[EventDate "2001.04.??"]
[EventType "tourn"]
[EventRounds "9"]
[EventCountry "GER"]
[SourceTitle "EXT 2003"]
[Source "ChessBase"]
[SourceDate "2002.11.25"]
[SourceVersion "1"]
[SourceVersionDate "2002.11.25"]
[SourceQuality "1"]

1. d4 d5 2. Nc3 Nf6 3. Bf4 e6 4. Nf3 Bd6 5. g3 b6 6. Bg2 Bb7 7. Qd2 0-0 8. 0-0-0 c5 9. Rhe1 Nc6 10. Bxd6 Qxd6 11. Nb5 Qd7 12. c3 Na5 13. Na3 Ng4 14. e3 c4 15. Qc2 h6 16. h3 Nf6 17. Ne5 Qe7 18. f4 a6 19. Bf3 b5 20. Qd2 Rab8 21. g4 Nh7 22. h4 g6 23. Rh1 Nc6 24. Nxc6 Bxc6 25. f5 e5 26. dxe5 Qxe5 27. Bxd5 Bxd5 28. Qxd5 Qxe3+ 29. Qd2 Qxd2+ 30. Rxd2 Rbd8 31. fxg6 fxg6 32. Rhd1 Rxd2 33. Rxd2 Rf6 34. Nc2 Rf1+ 35. Rd1 Rxd1+ 36. Kxd1 Nf6 37. Ne3 Kf7 38. Ke2 Ke6 39. Kf3 Ke5 40. Nc2 a5 41. Nd4 Kd5 42. Nxb5 Nd7 43. Kf4 Nc5 44. Ke3 Nd3 45. b3 Nc1 46. bxc4+ Kxc4 47. Kd2 Nxa2 48. Nd6+ Kd5 1/2-1/2

[Event "Schleswig Holstein-ch U16"]
[Site "Neumuenster"]
[Date "2001.04.08"]
[Round "2"]
[White "Roggon, Jacob"]
[Black "Schulze, Thimo Sebastian"]
[Result "0-1"]
[WhiteElo "1110"]
[BlackElo "1239"]
[PlyCount "54"]
[EventDate "2001.04.??"]
[EventType "tourn"]
[EventRounds "9"]
[EventCountry "GER"]
[SourceTitle "EXT 2003"]
[Source "ChessBase"]
[SourceDate "2002.11.25"]
[SourceVersion "1"]
[SourceVersionDate "2002.11.25"]
[SourceQuality "1"]

1. d4 d5 2. Nc3 Nf6 3. Bf4 a6 4. Nf3 Nc6 5. e3 Bg4 6. Be2 e6 7. a3 Bd6 8. Bg5 h6 9. Bxf6 Qxf6 10. Qd2 0-0 11. 0-0-0 Qe7 12. Nb1 b5 13. Qc3 Qd7 14. b4 Rfb8 15. h3 Bf5 16. Ne5 Bxe5 17. dxe5 a5 18. Bf3 axb4 19. axb4 Ra4 20. Qc5 Rxb4 21. e4 Bxe4 22. Bxe4 Rxe4 23. Rhe1 Rc4 24. Qe3 Nb4 25. Na3 Rc6 26. Qa7 Rcb6 27. Nb1 Na6 0-1